000 00839nam a2200301Ia 4500
001 15957
003 IT-RoPAU
008 130308s9999 xx 000 0 und d
040 _aIT-RoPAU
040 _cIT-RoPAU
041 _aFRANCESE
100 _aGuenot Jean
100 _gCodice Aut. SPICS: 5723
245 _aDisque et son utilisation en classe (Le)
245 _bTechniques Audio-Visuelles Au Service de L'Enseignement (Les)
250 _a3a ed.
260 _aPARIS
260 _bColin Armand
260 _c1969 [1° Ed.:1966 - Ed.Ling.Originale:1966]
300 _a"10 p. (prefazione: no ; testo: 10 [pagine: 110-119])"
500 _aDisco e Sua utilizzazione in Classe
650 _aDIDATTICA AUDIOVISIVA
650 _eCodice materia Spics: 4002
942 _cBK
957 _71
999 _c45930
_d45930
999 _bSI
999 _g1